Les 50 mots les plus utilisés en français - Statistiques

Statistiques générales
  • Ce quiz a été pris 155 fois
  • Le résultat moyen est 29 sur 50
Statistiques - réponses
Indices Réponses % Correct
Préposition à
97%
Pronom il
95%
Pronom je
94%
Pronom vous
94%
Pronom nous
93%
Déterminant le
92%
Pronom le
92%
Pronom tu
92%
Conjonction et
90%
Pronom elle
87%
Préposition de
84%
Déterminant de
84%
Pronom
84%
Verbe être
81%
Verbe avoir
72%
Pronom se
72%
Conjonction mais
71%
Pronom me
71%
Déterminant ce
69%
Pronom ce
69%
Préposition pour
69%
Déterminant un
66%
Conjonction que
65%
Pronom que
65%
Préposition par
64%
Pronom on
60%
Pronom qui
59%
Déterminant mon
56%
Préposition en
49%
Pronom en
49%
Verbe faire
49%
Déterminant son
47%
Verbe aller
46%
Préposition dans
44%
Préposition avec
41%
Adverbe ne
40%
Verbe voir
40%
Déterminant au
38%
Déterminant du
38%
Adverbe pas
34%
Préposition sans
32%
Préposition sur
31%
Pronom lui
28%
Pronom y
28%
Verbe dire
26%
Verbe pouvoir
25%
Conjonction comme
22%
Adverbe bien
19%
Adverbe plus
18%
Adjectif tout
13%
Aucun quiz correspondant
Distribution des résultats
% des personnes avec chaque résultat
Percentile par nombre de réponses
Votre historique - résultats
Vous n’avez pas pris ce quiz